Primer festival de literatura fantástica /
Gardado en:
| Outros autores: | |
|---|---|
| Formato: | Libro |
| Idioma: | Spanish |
| Publicado: |
Lima, Perú:
Ediciones Tierra Nueva,
1959-
|
| Materias: | |
| Etiquetas: |
Engadir etiqueta
Sen Etiquetas, Sexa o primeiro en etiquetar este rexistro!
|
MARC
| LEADER | 00000nam a22000007a 4500 | ||
|---|---|---|---|
| 008 | 141118b1950 pe | |||| 00| 0 spa d | ||
| 040 | |a CRU CIICLA | ||
| 082 | |a 803.08 |b P953p | ||
| 245 | 1 | 0 | |a Primer festival de literatura fantástica / |c selección y notas de Felipe Buendía |
| 260 | |a Lima, Perú: |b Ediciones Tierra Nueva, |c 1959- | ||
| 300 | |a volúmenes | ||
| 650 | 1 | 4 | |a LITERATURA FANTASTICA |v CUENTOS |
| 700 | 1 | 2 | |a Buendía, Felipe |j seleccionador |
| 942 | |2 ddc |c BK | ||
| 999 | |c 3591 |d 3591 | ||
